000 02068cam a2200265 i 4500
008 220311t20222022ctu b 001 0 eng d
020 _a9780300253436
020 _a0300253435
020 _a9780300274042
050 0 0 _aHG8531
_b.E363 2022
082 0 4 _a368/.973
100 1 _aEinav, Liran,
245 1 0 _aRisky business :
_bwhy insurance markets fail and what to do about it /
_cLiran Einav, Amy Finkelstein and Ray Fisman.
260 _aYale
_bYale University Press
_c2022
300 _a271 pages ;
520 _a"An engaging and accessible examination of what ails insurance markets--and what to do about it--by three leading economists. Why is dental insurance so crummy? Why is pet insurance so expensive? Why does your auto insurer ask for your credit score? The answer to these questions lies in understanding how insurance works. Unlike the market for other goods and services--for instance, a grocer who doesn't care who buys the store's broccoli or carrots--insurance providers are more careful in choosing their customers, because some are more expensive than others. Unraveling the mysteries of insurance markets, Liran Einav, Amy Finkelstein, and Ray Fisman explore such issues as why insurers want to know so much about us and whether we should let them obtain this information; why insurance entrepreneurs often fail (and some tricks that may help them succeed); and whether we'd be better off with government-mandated health insurance instead of letting businesses, customers, and markets decide who gets coverage and at what price. With insurance at the center of divisive debates about privacy, equity, and the appropriate role of government, this book offers clear explanations for some of the critical business and policy issues you've often wondered about, as well as for others you haven't yet considered.:--
650 0 _aInsurance
650 0 _aInsurance.
650 0 _aInsurance exchanges.
650 7 _aInsurance
650 7 _aInsurance exchanges
700 1 _aFinkelstein, Amy,
700 1 _aFisman, Raymond,
942 _cBK
999 _c3301
_d3301